Manual de los juzgados de paz / (Record no. 19608)

MARC details
000 -LEADER
campo de control de longitud fija 00621nam a2200205 i 4500
001 - NÚMERO DE CONTROL
campo de control 19608
003 - IDENTIFICADOR DE NÚMERO DE CONTROL
campo de control ES-MaACL
005 - FECHA Y HORA DE LA ÚLTIMA TRANSACCIÓN
campo de control 20230906152130.0
007 - CAMPO FIJO DE DESCRIPCIÓN FÍSICA--INFORMACIÓN GENERAL
campo de control de longitud fija t|
008 - DATOS DE LONGITUD FIJA--INFORMACIÓN GENERAL
campo de control de longitud fija 021004s1965 sp ||||1| spa d
100 1# - ENTRADA PRINCIPAL--NOMBRE DE PERSONA
Nombre de persona Abella, Ricardo,
9 (RLIN) 18053
245 10 - MENCIÓN DEL TÍTULO
Título Manual de los juzgados de paz /
Mención de responsabilidad, etc. Ricardo Abella, Luis Abella y Manuel Abella ; prólogo Fidel de Oro.
260 ## - PUBLICACIÓN, DISTRIBUCIÓN, ETC.
Lugar de publicación, distribución, etc. Madrid :
Nombre del editor, distribuidor, etc. Abella,
Fecha de publicación, distribución, etc. 1965.
300 ## - DESCRIPCIÓN FÍSICA
Extensión 405 p. ;
Dimensiones 21 cm.
700 1# - ENTRADA AGREGADA--NOMBRE PERSONAL
Nombre de persona Abella, Luis.
9 (RLIN) 18046
700 1# - ENTRADA AGREGADA--NOMBRE PERSONAL
Nombre de persona Abella Poblet, Manuel,
9 (RLIN) 18052
700 1# - ENTRADA AGREGADA--NOMBRE PERSONAL
Nombre de persona Oro, Fidel de.
9 (RLIN) 87310
852 ## - LOCALIZACIÓN
Ubicación ES-MaACL
Número de control de estantería C-28132
Sublocalización o colección R.57445
Holdings
Estatus retirado Estado de pérdida Estado de daño No para préstamo Biblioteca de origen Biblioteca actual Ubicación en estantería Fecha de adquisición Fuente de adquisición Total de préstamos Signatura topográfica completa Código de barras Visto por última vez Precio de reemplazo Tipo de ítem Koha
        Biblioteca del Ateneo de Madrid Biblioteca del Ateneo de Madrid Depósito 2 17/01/2008     C-28132 1020062 23/02/2023 23/02/2023 Libro impreso